000 00832nam a2200265Ia 4500
003 OSt
005 20220918171405.0
006 a|||||r|||| 00| 0
007 ta
008 220917b |||||||| |||| 00| 0 eng d
020 _a9781606234372 (hbk)
_c2702.40
024 _a244,599
037 _b9822, 03/01/2011, Elite Publishers Distributors
_cTextual
040 _aARTS
_cARTS
_beng
041 _2eng
_aeng
082 _aS:40j86, M8;Q0
100 _aDobson Keith S. Ed.
_936279
245 0 _aHandbook of cognitive - behavioral therapies
250 _a3rd
260 _aNew York
_bThe Guilford Press U.S.A
_c2010
300 _axiv, 481p.
_ccm.
650 _aPSYCHOLOGY
942 _hS:40j86, M8;Q0
_cTEXL
_2CC
999 _c139348
_d139348